Tổng luận phân tích Tảo và vấn đề bảo vệ môi trường

Tác giả nhấn mạnh vai trò quan trọng của tảo trong việc bảo vệ môi trường như tảo tham gia quá trình xử lí ô nhiễm nước thải, tham gia trực tiếp vào chu trình trao đổi nitơ trong khí quyển. Tảo có thể đóng vai trò như một nguồn năng lượng sa...

Ausführliche Beschreibung

Gespeichert in:
Bibliographische Detailangaben
1. Verfasser: Đặng, Đình Kim
Format: Buch
Sprache:Undetermined
Veröffentlicht: Hà Nội 1998
Schlagworte:
Tags: Tag hinzufügen
Keine Tags, Fügen Sie den ersten Tag hinzu!
Thư viện lưu trữ: Trung tâm Học liệu Trường Đại học Cần Thơ
LEADER 01176nam a2200193Ia 4500
001 CTU_131934
008 210402s9999 xx 000 0 und d
082 |a 579.8 
082 |b K310 
100 |a Đặng, Đình Kim 
245 0 |a Tổng luận phân tích Tảo và vấn đề bảo vệ môi trường 
245 0 |c Đặng Đình Kim 
260 |a Hà Nội 
260 |c 1998 
520 |a Tác giả nhấn mạnh vai trò quan trọng của tảo trong việc bảo vệ môi trường như tảo tham gia quá trình xử lí ô nhiễm nước thải, tham gia trực tiếp vào chu trình trao đổi nitơ trong khí quyển. Tảo có thể đóng vai trò như một nguồn năng lượng sạch bổ sung vào nguồn nhiên liệu đang được khai thác như dầu lửa, khí tự nhiên và than đá. 
650 |a Algae,Algae,Water,Tảo,Tảo,Nước 
650 |x Ecology.,Control,Purification,Microbial removal.,Sinh thái,Quản lý,Làm sạch,Khử trùng 
904 |i Minh 
980 |a Trung tâm Học liệu Trường Đại học Cần Thơ